[Event "Reinstorf op"]
[Site "Reinstorf"]
[Date "2022.02.05"]
[Round "8"]
[White "Hildebrand, Georg"]
[Black "Kewe, Stefan"]
[Result "0-1"]
[WhiteElo "1482"]
[BlackElo "1814"]
[PlyCount "102"]
[EventDate "2022.01.29"]
[EventType "swiss"]
[EventRounds "9"]
[EventCountry "GER"]
[SourceTitle "CBM 206 Extra"]
[Source "ChessBase"]
[SourceDate "2022.03.31"]
[SourceVersion "1"]
[SourceVersionDate "2022.03.31"]
[SourceQuality "1"]

1. d4 f5 2. Bf4 Nf6 3. e3 d6 4. Be2 g6 5. Nd2 Bg7 6. c3 Be6 7. h3 0-0 8. Ngf3 h6 9. 0-0 Nbd7 10. Bh2 Qe8 11. Ne1 g5 12. f4 Nd5 13. Bh5 Bf7 14. Bxf7+ Qxf7 15. Nc2 Qg6 16. Qf3 c6 17. Rae1 g4 18. hxg4 fxg4 19. Qe4 Rf5 20. Bg3 Kh7 21. Qd3 Rf6 22. Qxg6+ Rxg6 23. e4 N5f6 24. f5 Rg5 25. e5 dxe5 26. dxe5 Nd5 27. Ne4 Rh5 28. c4 N5b6 29. f6 exf6 30. exf6 Bf8 31. b3 Kg6 32. Ne3 Ra5 33. a4 h5 34. Bd6 Bxd6 35. Nxd6 Nxf6 36. Nxb7 Rg5 37. Nd6 h4 38. Ne4 Nxe4 39. Rf4 Nf6 40. Ref1 Nbd7 41. Nf5 h3 42. Ne7+ Kf7 43. Nxc6 h2+ 44. Kh1 g3 45. Rf5 Rxf5 46. Rxf5 Re8 47. Rf1 Kg6 48. Nxa7 Ng4 49. Nc6 Nf2+ 50. Rxf2 Re1+ 51. Rf1 Rxf1# 0-1

[Event "Reinstorf op"]
[Site "Reinstorf"]
[Date "2022.01.30"]
[Round "2"]
[White "Rotaermel, Leonie"]
[Black "Kewe, Stefan"]
[Result "0-1"]
[WhiteElo "1427"]
[BlackElo "1814"]
[PlyCount "60"]
[EventDate "2022.01.29"]
[EventType "swiss"]
[EventRounds "9"]
[EventCountry "GER"]
[SourceTitle "CBM 206 Extra"]
[Source "ChessBase"]
[SourceDate "2022.03.31"]
[SourceVersion "1"]
[SourceVersionDate "2022.03.31"]
[SourceQuality "1"]

1. e4 e6 2. d4 d5 3. Nc3 Nf6 4. e5 Nfd7 5. f4 c5 6. Nf3 Nc6 7. Be3 Be7 8. Be2 f6 9. exf6 Bxf6 10. dxc5 Qa5 11. Qd2 Nxc5 12. Nd4 Qb4 13. Nb3 Nxb3 14. axb3 d4 15. Na2 dxe3 16. Qxb4 Nxb4 17. Nxb4 Bxb2 18. Ra4 Bd7 19. Nd3 Bc3+ 20. Kf1 Bxa4 21. bxa4 0-0 22. Bf3 Rac8 23. Ke2 Bd2 24. Kd1 Rfd8 25. Bxb7 Rb8 26. Ke2 Rxb7 27. Nc5 Rb2 28. Nxe6 Rd6 29. Ng5 Rxc2 30. Rb1 Rb6 0-1

[Event "Niedersachsen-ch op-C"]
[Site "Verden"]
[Date "2017.01.05"]
[Round "2"]
[White "Kewe, Stefan"]
[Black "Haerig, Wolfram"]
[Result "1-0"]
[WhiteElo "1894"]
[BlackElo "1770"]
[PlyCount "105"]
[EventDate "2017.01.05"]
[EventType "swiss"]
[EventRounds "7"]
[EventCountry "GER"]
[SourceTitle "CBM 187 Extra"]
[Source "ChessBase"]
[SourceDate "2018.11.04"]
[SourceVersion "1"]
[SourceVersionDate "2018.11.04"]
[SourceQuality "1"]

1. d4 d5 2. Nf3 Nc6 3. c4 e6 4. Bf4 Nf6 5. e3 Bd6 6. Bg3 0-0 7. Nc3 b6 8. Bh4 Be7 9. Qb3 Na5 10. Qc2 Nxc4 11. Bxc4 dxc4 12. 0-0 Ba6 13. Ne5 Bb7 14. Rfd1 a6 15. Nxc4 Nd5 16. Bxe7 Qxe7 17. e4 Nf4 18. Ne3 c6 19. Rac1 Rfd8 20. Qb3 b5 21. g3 Qg5 22. Kh1 Ng6 23. Qc2 Qf6 24. Qe2 Rxd4 25. Rxd4 Qxd4 26. Rd1 Qb6 27. Qd3 c5 28. Qd7 Qc6 29. f3 b4 30. Ne2 Qxd7 31. Rxd7 Bc6 32. Rc7 Ne5 33. Kg2 Rd8 34. g4 Kf8 35. Kg3 g5 36. f4 gxf4+ 37. Kxf4 Nd3+ 38. Kg5 Bxe4 39. Kf6 Bg6 40. h4 h5 41. gxh5 Bxh5 42. Ng3 Nf4 43. Nxh5 Nxh5+ 44. Kg5 Ng7 45. h5 e5 46. Ra7 Rd3 47. Ng4 Rg3 48. h6 Ne6+ 49. Kf6 Rf3+ 50. Kxe5 Ng5 51. Nf6 Rh3 52. Ra8+ Ke7 53. Re8# 1-0

[Event "Niedersachsen-ch op-A"]
[Site "Verden"]
[Date "2015.01.04"]
[Round "6"]
[White "Ehlert, Horst"]
[Black "Kewe, Stefan"]
[Result "1-0"]
[WhiteElo "1975"]
[BlackElo "1917"]
[PlyCount "81"]
[EventDate "2015.01.02"]
[EventType "swiss"]
[EventRounds "7"]
[EventCountry "GER"]
[SourceTitle "EXT 2018"]
[Source "ChessBase"]
[SourceDate "2017.10.13"]
[SourceVersion "1"]
[SourceVersionDate "2017.10.13"]
[SourceQuality "1"]

1. c4 e5 2. g3 Nc6 3. Bg2 f5 4. d3 Nf6 5. Nc3 Bb4 6. Bd2 Bxc3 7. Bxc3 d6 8. e3 0-0 9. Ne2 Bd7 10. 0-0 Qe8 11. b4 Nd8 12. b5 e4 13. Bxf6 Rxf6 14. dxe4 fxe4 15. Qd5+ Kh8 16. Qxe4 Qf7 17. Qd3 Be6 18. Bd5 c6 19. Bxe6 Nxe6 20. h4 Rf8 21. Nf4 Nxf4 22. exf4 Rg6 23. bxc6 bxc6 24. Rae1 d5 25. cxd5 cxd5 26. Kh2 h6 27. Re5 Rd6 28. Qd4 Rc8 29. Rfe1 Rd7 30. Kg2 Qg6 31. Re6 Qf7 32. Rxh6+ Kg8 33. Rhe6 Rc4 34. Re8+ Kh7 35. Qd3+ g6 36. h5 Rc6 37. hxg6+ Qxg6 38. R1e7+ Rxe7 39. Rxe7+ Kh6 40. Qxd5 Ra6 41. Rc7 1-0

[Event "Niedersachsen-ch op-A"]
[Site "Verden"]
[Date "2015.01.03"]
[Round "4"]
[White "Haerig, Wilfried"]
[Black "Kewe, Stefan"]
[Result "0-1"]
[WhiteElo "2072"]
[BlackElo "1917"]
[PlyCount "104"]
[EventDate "2015.01.02"]
[EventType "swiss"]
[EventRounds "7"]
[EventCountry "GER"]
[SourceTitle "EXT 2018"]
[Source "ChessBase"]
[SourceDate "2017.10.13"]
[SourceVersion "1"]
[SourceVersionDate "2017.10.13"]
[SourceQuality "1"]

1. e4 c5 2. Nf3 Nc6 3. d4 cxd4 4. Nxd4 Nf6 5. Nc3 e6 6. Be3 Bb4 7. f3 d5 8. Bb5 Bd7 9. Bxc6 bxc6 10. e5 Ng8 11. Nb3 Ne7 12. a3 Nf5 13. Qd2 Nxe3 14. Qxe3 Be7 15. 0-0 Qb6 16. Qf2 Qxf2+ 17. Rxf2 c5 18. f4 Rb8 19. Nd1 0-0 20. Rf3 f6 21. exf6 Bxf6 22. Kh1 Rfc8 23. c4 Ba4 24. Nd2 Bxd1 25. Rxd1 Rxb2 26. f5 Rcb8 27. Rd3 Bg5 28. Nf3 dxc4 29. Rd7 Bf6 30. fxe6 c3 31. e7 Bxe7 32. Rxe7 c2 33. Rde1 Rb1 34. Nd2 c1Q 35. Nxb1 Qxb1 36. Re8+ Rxe8 37. Rxb1 Re3 38. Ra1 Kf7 39. Kg1 Ke6 40. Kf2 Rb3 41. Ra2 Kd5 42. Ke2 Kc4 43. Kd2 Rc3 44. a4 a5 45. Ra1 Kb4 46. Rf1 Ra3 47. Rf4+ c4 48. Rg4 g6 49. Kc2 Ra2+ 50. Kb1 Rf2 51. Rh4 Kb3 52. Kc1 c3 0-1

[Event "Niedersachsen-ch op"]
[Site "Verden"]
[Date "2009.01.05"]
[Round "6"]
[White "Jung, Gerald"]
[Black "Kewe, Stefan"]
[Result "1/2-1/2"]
[WhiteElo "2056"]
[BlackElo "1934"]
[PlyCount "59"]
[EventDate "2009.01.03"]
[EventType "swiss"]
[EventRounds "7"]
[EventCountry "GER"]
[SourceTitle "EXT 2012"]
[Source "ChessBase"]
[SourceDate "2011.11.24"]
[SourceVersion "1"]
[SourceVersionDate "2011.11.24"]
[SourceQuality "1"]

1. e4 c5 2. Nf3 Nc6 3. d4 cxd4 4. Nxd4 Nf6 5. Nc3 e6 6. g4 Bb4 7. Bg2 d5 8. Nxc6 bxc6 9. exd5 cxd5 10. 0-0 Ba6 11. Re1 0-0 12. g5 Nd7 13. Qg4 Bxc3 14. bxc3 Bc4 15. f4 Rc8 16. Be3 Qc7 17. Bd4 Rfe8 18. Qg3 Nc5 19. Qf2 a6 20. Re3 Nd7 21. Qg3 Nf8 22. h4 Ng6 23. h5 Ne7 24. Bh3 Nf5 25. Bxf5 exf5 26. Rae1 Re4 27. g6 fxg6 28. hxg6 hxg6 29. Qxg6 Qf7 30. Qxf7+ 1/2-1/2

[Event "Niedersachsen-ch op"]
[Site "Verden"]
[Date "2009.01.04"]
[Round "4"]
[White "Hentrop, Malte"]
[Black "Kewe, Stefan"]
[Result "0-1"]
[WhiteElo "1537"]
[BlackElo "1934"]
[PlyCount "50"]
[EventDate "2009.01.03"]
[EventType "swiss"]
[EventRounds "7"]
[EventCountry "GER"]
[SourceTitle "EXT 2012"]
[Source "ChessBase"]
[SourceDate "2011.11.24"]
[SourceVersion "1"]
[SourceVersionDate "2011.11.24"]
[SourceQuality "1"]

1. e4 c5 2. Nf3 Nc6 3. d4 cxd4 4. Nxd4 Nf6 5. Nc3 e6 6. Be3 Bb4 7. Qd3 d5 8. exd5 Nxd5 9. Nxc6 bxc6 10. Bd4 f6 11. 0-0-0 0-0 12. Qc4 Qa5 13. Qxc6 Rb8 14. Nxd5 exd5 15. a3 Bg4 16. f3 Rfc8 17. Qa6 Qc7 18. Qd3 Bh5 19. Bxf6 gxf6 20. axb4 d4 21. Qd2 Rxb4 22. Bd3 Rcb8 23. Qh6 Rxb2 24. Qxh5 Qf4+ 25. Rd2 Rb1# 0-1

[Event "Niedersachsen-ch op"]
[Site "Verden"]
[Date "2009.01.03"]
[Round "1"]
[White "Kewe, Stefan"]
[Black "Issing, Peter"]
[Result "1-0"]
[WhiteElo "1934"]
[BlackElo "2273"]
[PlyCount "107"]
[EventDate "2009.01.03"]
[EventType "swiss"]
[EventRounds "7"]
[EventCountry "GER"]
[SourceTitle "EXT 2012"]
[Source "ChessBase"]
[SourceDate "2011.11.24"]
[SourceVersion "1"]
[SourceVersionDate "2011.11.24"]
[SourceQuality "1"]

1. d4 Nf6 2. Nf3 c5 3. c3 b6 4. Bf4 Bb7 5. e3 d6 6. Bd3 g6 7. Qc2 Bg7 8. Nbd2 Nc6 9. e4 cxd4 10. cxd4 0-0 11. Qa4 a6 12. d5 Nb8 13. Qa3 Nbd7 14. Rc1 h6 15. 0-0 Nc5 16. b4 Nxd3 17. Qxd3 a5 18. b5 Nd7 19. Nd4 Nc5 20. Qe3 Kh7 21. Nc6 Bxc6 22. bxc6 f5 23. h4 e5 24. dxe6 Nxe6 25. exf5 Nxf4 26. Qxf4 Rxf5 27. Qe4 Rc8 28. Nf3 d5 29. Qa4 Qc7 30. Rfe1 Rcf8 31. Qa3 R8f7 32. Re6 Bf8 33. Qd3 Bc5 34. Rc2 Rxf3 35. Qxg6+ Kh8 36. Re8+ Bf8 37. Qxh6+ Kg8 38. gxf3 d4 39. Rce2 d3 40. Qg6+ Kh8 41. R2e6 Qf4 42. Qh5+ Rh7 43. Rxf8+ Qxf8 44. Qe5+ Rg7+ 45. Kf1 Qxf3 46. Re8+ Kh7 47. Qe4+ Qxe4 48. Rxe4 Rc7 49. Rc4 Re7 50. Rd4 Re6 51. Rd7+ Kg6 52. c7 Rc6 53. Rd6+ Rxd6 54. c8Q 1-0

[Event "Niedersachsen-ch"]
[Site "Verden"]
[Date "2008.01.04"]
[Round "3"]
[White "Buetow, Ingo"]
[Black "Kewe, Stefan"]
[Result "1/2-1/2"]
[WhiteElo "1714"]
[BlackElo "1974"]
[PlyCount "74"]
[EventDate "2008.01.03"]
[EventType "swiss"]
[EventRounds "7"]
[EventCountry "GER"]
[SourceTitle "EXT 2010"]
[Source "ChessBase"]
[SourceDate "2010.11.25"]
[SourceVersion "1"]
[SourceVersionDate "2010.11.25"]
[SourceQuality "1"]

1. c4 e5 2. Nc3 Nc6 3. Nf3 f5 4. d4 e4 5. Nd2 Nf6 6. e3 g6 7. Be2 Bg7 8. 0-0 0-0 9. a3 Ne7 10. b4 c6 11. Qb3 d5 12. cxd5 cxd5 13. Bb2 a6 14. Rac1 Qd6 15. a4 f4 16. Ndxe4 Qe6 17. Nc5 Qf5 18. Bd3 Qg5 19. N5e4 Qh6 20. Nxf6+ Rxf6 21. Nxd5 Nxd5 22. Qxd5+ Kh8 23. exf4 Qxf4 24. Qe4 Qd6 25. d5 Rf4 26. Qe8+ Rf8 27. Bxg7+ Kxg7 28. Qe1 Bf5 29. Bxf5 Rxf5 30. Qc3+ Kg8 31. Rfd1 Raf8 32. Rd2 Re8 33. h3 Rfe5 34. Rdd1 Re2 35. Re1 Rxe1+ 36. Rxe1 Rxe1+ 37. Qxe1 Qxd5 1/2-1/2

[Event "Niedersachsen-ch"]
[Site "Verden"]
[Date "2008.01.03"]
[Round "1"]
[White "Pfemeter, Felix"]
[Black "Kewe, Stefan"]
[Result "1/2-1/2"]
[WhiteElo "1547"]
[BlackElo "1974"]
[PlyCount "71"]
[EventDate "2008.01.03"]
[EventType "swiss"]
[EventRounds "7"]
[EventCountry "GER"]
[SourceTitle "EXT 2010"]
[Source "ChessBase"]
[SourceDate "2010.11.25"]
[SourceVersion "1"]
[SourceVersionDate "2010.11.25"]
[SourceQuality "1"]

1. e4 c5 2. c3 d5 3. exd5 Qxd5 4. d4 Nc6 5. Nf3 cxd4 6. cxd4 e5 7. Nc3 Bb4 8. Bd2 Bxc3 9. Bxc3 e4 10. Nd2 Nf6 11. Bc4 Qd6 12. 0-0 Ng4 13. f4 Bf5 14. Nxe4 Qg6 15. Ng3 0-0 16. Nxf5 Qxf5 17. Bd3 Qd7 18. d5 Ne7 19. h3 Ne3 20. Qh5 f5 21. Qg5 N7xd5 22. Bb5 Qf7 23. Rfe1 Nxc3 24. bxc3 Nd5 25. Bc4 h6 26. Qg3 Rfd8 27. Rad1 Rac8 28. Bb3 Kh7 29. Qf3 Rxc3 30. Bxd5 Qc7 31. Qf2 Rc2 32. Re2 Rxe2 33. Qxe2 Qc5+ 34. Qf2 Rxd5 35. Rxd5 Qxd5 36. Qxa7 1/2-1/2

[Event "Bielefeld Gr3"]
[Site "Bielefeld"]
[Date "2007.05.28"]
[Round "7"]
[White "Meissner, Felix"]
[Black "Kewe, Stefan"]
[Result "1-0"]
[WhiteElo "2019"]
[BlackElo "1974"]
[PlyCount "81"]
[EventDate "2007.05.25"]
[EventType "tourn"]
[EventRounds "7"]
[EventCountry "GER"]
[SourceTitle "EXT 2008"]
[Source "ChessBase"]
[SourceDate "2007.11.25"]
[SourceVersion "1"]
[SourceVersionDate "2007.11.25"]
[SourceQuality "1"]

1. e4 c5 2. Nf3 e6 3. d4 cxd4 4. Nxd4 Nf6 5. Nc3 Nc6 6. Ndb5 Bb4 7. a3 Bxc3+ 8. Nxc3 d5 9. exd5 exd5 10. Bd3 0-0 11. 0-0 d4 12. Ne2 Bg4 13. f3 Be6 14. Bg5 h6 15. Bh4 g5 16. Bf2 Qd5 17. Ng3 Rad8 18. Re1 Ne5 19. Ne4 Nh5 20. Ng3 Nf4 21. Be4 Qd6 22. Bxb7 Nc4 23. b3 Nxa3 24. Ne4 Qb4 25. Ba6 f5 26. Ng3 Rd6 27. Bd3 Rc6 28. Ra2 Qc5 29. c4 a5 30. Bf1 Rd8 31. Qa1 Nxc4 32. bxc4 Qb4 33. Rb1 Qd6 34. Rxa5 d3 35. Ra7 Rc7 36. Ra6 Qd7 37. Bb6 d2 38. Bxc7 Qxc7 39. Ra7 Qc5+ 40. Kh1 Rd4 41. Qxd4 1-0

[Event "Niedersachsen-ch op"]
[Site "Verden"]
[Date "2007.01.05"]
[Round "5"]
[White "Kewe, Stefan"]
[Black "Bonacic, Jascha"]
[Result "1-0"]
[WhiteElo "1971"]
[BlackElo "1711"]
[PlyCount "58"]
[EventDate "2007.01.04"]
[EventType "swiss"]
[EventRounds "7"]
[EventCountry "GER"]
[SourceTitle "EXT 2021"]
[Source "ChessBase"]
[SourceDate "2020.10.23"]
[SourceVersion "1"]
[SourceVersionDate "2020.10.23"]
[SourceQuality "1"]

1. Nf3 e6 2. g3 f5 3. Bg2 Nf6 4. c4 d5 5. d3 Bd6 6. Nc3 c6 7. Qb3 Bc7 8. Be3 Nbd7 9. Rc1 0-0 10. Ng5 Qe7 11. cxd5 exd5 12. 0-0 Kh8 13. Nxd5 Nxd5 14. Bxd5 Nf6 15. Bc5 Qxe2 16. Bf3 Qe8 17. Rfe1 Qd8 18. Bxf8 Qxf8 19. Ne6 Bxe6 20. Rxe6 Bb6 21. Rce1 Qc5 22. R1e2 h6 23. Re7 Kh7 24. Qf7 Rg8 25. Qxf6 Bd8 26. Rxg7+ Rxg7 27. Qxd8 h5 28. Re8 Kg6 29. h4 Kf7 1-0

[Event "Niedersachsen-ch op"]
[Site "Verden"]
[Date "2007.01.04"]
[Round "1"]
[White "Kewe, Stefan"]
[Black "Thumulka, Patrick"]
[Result "0-1"]
[WhiteElo "1971"]
[BlackElo "1547"]
[PlyCount "129"]
[EventDate "2007.01.04"]
[EventType "swiss"]
[EventRounds "7"]
[EventCountry "GER"]
[SourceTitle "EXT 2021"]
[Source "ChessBase"]
[SourceDate "2020.10.23"]
[SourceVersion "1"]
[SourceVersionDate "2020.10.23"]
[SourceQuality "1"]

1. e4 e6 2. d4 d5 3. e5 c5 4. c3 Nc6 5. Nf3 Qb6 6. Bd3 Bd7 7. dxc5 Bxc5 8. 0-0 f5 9. exf6 Nxf6 10. Qe2 0-0-0 11. Bf4 h6 12. b4 Be7 13. b5 Na5 14. Ne5 Bd6 15. Nd2 Kb8 16. Ndf3 Rhf8 17. Be3 Qc7 18. Bd4 b6 19. Rfc1 Rc8 20. Nxd7+ Qxd7 21. Ne5 Bxe5 22. Bxe5+ Ka8 23. a4 Nb3 24. Rcb1 Nxa1 25. Rxa1 Qe7 26. a5 Kb7 27. Bd4 Nd7 28. c4 Rfe8 29. Bg6 Red8 30. cxd5 Nf6 31. axb6 axb6 32. d6 Rxd6 33. Bxf6 Qxf6 34. Be4+ Kc7 35. Ra7+ Kd8 36. Bc6 Qd4 37. g3 Qd1+ 38. Qxd1 Rxd1+ 39. Kg2 Rc7 40. Ra8+ Ke7 41. Rb8 Rd8 42. Rxb6 Ra7 43. Ra6 Rc7 44. Be4 Rc4 45. f3 Rb4 46. b6 Kf6 47. b7 Ke7 48. Kh3 Rb5 49. Kh4 Rb2 50. h3 Rb5 51. f4 Rb4 52. Bf3 Rb3 53. Ra8 Kd7 54. Kh5 Kc7 55. Kg6 Rb8 56. Rxb8 Kxb8 57. Bg4 Rxg3 58. Kxg7 h5 59. Kf6 hxg4 60. h4 Rh3 61. Kxe6 Rxh4 62. f5 g3 63. f6 Rf4 64. Ke5 Rxf6 65. Kxf6 0-1

[Event "Bielefeld Gr3"]
[Site "Bielefeld"]
[Date "2006.06.03"]
[Round "3"]
[White "Calder, Dennis"]
[Black "Kewe, Stefan"]
[Result "1-0"]
[WhiteElo "1866"]
[BlackElo "1887"]
[PlyCount "103"]
[EventDate "2006.06.02"]
[EventType "tourn"]
[EventRounds "7"]
[EventCountry "GER"]
[SourceTitle "EXT 2007"]
[Source "ChessBase"]
[SourceDate "2006.11.23"]
[SourceVersion "1"]
[SourceVersionDate "2006.11.23"]
[SourceQuality "1"]

1. d4 c5 2. dxc5 e6 3. Nc3 Bxc5 4. Ne4 d5 5. Nxc5 Qa5+ 6. c3 Qxc5 7. e4 Nf6 8. e5 Ne4 9. Be3 Qc7 10. Qd4 b6 11. Rc1 Nc6 12. Bb5 Bd7 13. Bxc6 Bxc6 14. b4 f6 15. Nf3 Bb5 16. a4 Bc4 17. h4 Qd7 18. Nd2 Nxd2 19. Bxd2 f5 20. Ra1 Rc8 21. a5 b5 22. f3 Bb3 23. Qd3 d4 24. Qxd4 Qxd4 25. cxd4 0-0 26. Ke2 Rfd8 27. Rhc1 Bc4+ 28. Ke3 Rd5 29. Bc3 Kf7 30. Rg1 g6 31. Rac1 Rg8 32. g4 Rdd8 33. Rc2 Ke7 34. gxf5 gxf5 35. Rcg2 Kf7 36. Kf4 Rxg2 37. Rxg2 Bd5 38. h5 Rc8 39. Bd2 Rc4 40. h6 Rxd4+ 41. Ke3 Rh4 42. Rg7+ Kf8 43. Rxh7 f4+ 44. Kd4 Bxf3 45. Kc3 Be2 46. Rxa7 Rxh6 47. Bxf4 Rh4 48. Bg5 Rc4+ 49. Kb3 Rg4 50. Be7+ Ke8 51. Bd6 Bc4+ 52. Kc3 1-0